| Record ID | ia:stormsrainbowsch0000jave |
| Source | Internet Archive |
| Download MARC XML | https://archive.org/download/stormsrainbowsch0000jave/stormsrainbowsch0000jave_marc.xml |
| Download MARC binary | https://www.archive.org/download/stormsrainbowsch0000jave/stormsrainbowsch0000jave_meta.mrc |
LEADER: 00793cam a2200253 a 4500
001 2001310544
003 DLC
005 20090130082301.0
008 010919r20011995pk 001 0 eng
010 $a 2001310544
020 $a9694072603
025 $aP-E-2001310544; 07; 08
040 $aDLC$cDLC$dDLC
042 $alcode
043 $aa-pk---$aaz-----
050 00 $aDS376.9$b.J385 2001
100 0 $aJaved Jabbar,$d1945-
245 10 $aStorms and rainbows :$bchallenges of change Pakistan and South Asia, 1995-2000 /$cJaved Jabbar.
260 $aKarachi :$bSummit Media :$bRoyal Book Co.,$c2001.
300 $axi, 332 p. ;$c23 cm.
520 $aAuthor's writings previously published in English dailies from 1995-2000.
500 $aIncludes index.
651 0 $aPakistan.
651 0 $aSouth Asia.